MARC details
| 000 -LEADER |
| fixed length control field |
03328cam a22003494a 4500 |
| 001 - CONTROL NUMBER |
| control field |
14938804 |
| 003 - CONTROL NUMBER IDENTIFIER |
| control field |
GZU |
| 005 - DATE AND TIME OF LATEST TRANSACTION |
| control field |
20210325095404.0 |
| 008 - FIXED-LENGTH DATA ELEMENTS--GENERAL INFORMATION |
| fixed length control field |
070720s2008 enk b 001 0 eng d |
| 010 ## - LIBRARY OF CONGRESS CONTROL NUMBER |
| LC control number |
2007030204 |
| 016 7# - NATIONAL BIBLIOGRAPHIC AGENCY CONTROL NUMBER |
| Record control number |
101312454 |
| Source |
DNLM |
| 020 ## - INTERNATIONAL STANDARD BOOK NUMBER |
| International Standard Book Number |
9780470060551 (alk. paper) |
| 020 ## - INTERNATIONAL STANDARD BOOK NUMBER |
| International Standard Book Number |
0470060557 (alk. paper) |
| 035 ## - SYSTEM CONTROL NUMBER |
| System control number |
(OCoLC)ocn156994607 |
| 040 ## - CATALOGING SOURCE |
| Original cataloging agency |
DNLM/DLC |
| Transcribing agency |
DLC |
| Modifying agency |
NLM |
| -- |
BAKER |
| -- |
BTCTA |
| -- |
BWKUK |
| -- |
YDXCP |
| -- |
UBY |
| -- |
EUM |
| -- |
DLC |
| 042 ## - AUTHENTICATION CODE |
| Authentication code |
pcc |
| 050 00 - LIBRARY OF CONGRESS CALL NUMBER |
| Classification number |
RC440 |
| Item number |
.CON 2008 |
| 245 00 - TITLE STATEMENT |
| Title |
Contemporary issues in mental health nursing / |
| Statement of responsibility, etc. |
edited by Jonathon E. Lynch and Steve Trenoweth ; foreword by Peter Nolan. |
| 260 ## - PUBLICATION, DISTRIBUTION, ETC. |
| Place of publication, distribution, etc. |
Chichester, England ; |
| -- |
Hoboken, NJ : |
| Name of publisher, distributor, etc. |
J. Wiley, |
| Date of publication, distribution, etc. |
c2008. |
| 300 ## - PHYSICAL DESCRIPTION |
| Extent |
viii, 320 p. ; |
| Dimensions |
25 cm. |
| 504 ## - BIBLIOGRAPHY, ETC. NOTE |
| Bibliography, etc. note |
Includes bibliographical references (p. [261]-311) and index. |
| 505 0# - FORMATTED CONTENTS NOTE |
| Formatted contents note |
Contemporary issues in mental health nursing : an introduction / Jonathon E. Lynch and Steve Trenoweth -- Rebuilding lives : a critical look at the contemporary role of the mental health nurse / Steve Trenoweth and Anna Larter -- User involvement and the micro-politics of mental health care / Philip Kemp -- Compassion / Jonathon E. Lynch and Steve Trenoweth -- The implications of values-based practice in mental health nursing / Ian Price -- Truth, uncertainty and the mental health nurse / Steve Trenoweth and Ian Price -- Where's your evidence? : broadening the scope of professional knowledge / Peter Harper and Simon Jones -- Challenging stigma and promoting social justice / Carlyle London and Angela Scriven -- Homophobia in mental health services / Andrew Thornton -- The meaning of recovery / James Matthews -- Supporting recovery : medication management in mental health care / Joanna Bennett -- Physical co-morbidity in mental health care / Helen Robson, Carl Margereson, and Steve Trenoweth -- Physical illness : promoting effective coping in clients with co-morbidity / Carl Margereson -- Responding to the needs of younger people : the bereaved adolescent / Yvonne Dexter -- Enhancing effective multidisciplinary team-working : a psychoeducational approach / John Cordwell and Lee Bradley -- A systemic approach to violence risk assessment and management / Charlie McGrory and Steve Trenoweth -- |
| 505 0# - FORMATTED CONTENTS NOTE |
| Formatted contents note |
No euphemisms : the use of force in mental health care / Jonathon E. Lynch -- The psychological impact of restraint : examining the aftermath for staff and patients / Gwen Bonner -- Masculinity as a risk variable in physical and mental ill health / Steve Trenoweth and Jonathon E. Lynch -- Some considerations for mental health practitioners working with patients who self-neglect / James Matthews and Steve Trenoweth -- The future of mental health nursing / Steve Trenoweth, Jonathon E. Lynch, and Peter Nolan. |
| 520 8# - SUMMARY, ETC. |
| Summary, etc. |
This title addresses some of the most prominent issues currently being faced in mental health nursing and provides a series of essays which critique and commentate on the current standing of the profession within a contemporary context. |
| 650 #0 - SUBJECT ADDED ENTRY--TOPICAL TERM |
| Topical term or geographic name entry element |
Psychiatric nursing. |
| 650 12 - SUBJECT ADDED ENTRY--TOPICAL TERM |
| Topical term or geographic name entry element |
Mental Disorders |
| General subdivision |
nursing. |
| 650 22 - SUBJECT ADDED ENTRY--TOPICAL TERM |
| Topical term or geographic name entry element |
Psychiatric Nursing |
| General subdivision |
methods. |
| 700 1# - ADDED ENTRY--PERSONAL NAME |
| Personal name |
Lynch, Jonathon E. |
| Relator term |
editor |
| 700 1# - ADDED ENTRY--PERSONAL NAME |
| Personal name |
Trenoweth, Steven. |
| Relator term |
editor |
| 906 ## - LOCAL DATA ELEMENT F, LDF (RLIN) |
| a |
7 |
| b |
cbc |
| c |
orignew |
| d |
1 |
| e |
ecip |
| f |
20 |
| g |
y-gencatlg |
| 942 ## - ADDED ENTRY ELEMENTS (KOHA) |
| Source of classification or shelving scheme |
Library of Congress Classification |
| Koha item type |
Books |
| Classification part |
440 |
| Item part |
CON |
| Call number prefix |
RC |